Sandra Bullock Movies by Plot - Statistics

General Stats
  • This quiz has been taken 25,714 times
    6,869 since last reset
  • The average score is 8 of 16
Answer Stats
Description Movie % Correct
A bus will explode if its velocity falls below 50 miles per hour Speed
88%
FBI agent must go undercover at a beauty pageant Miss Congeniality
85%
Eight women try to steal a valuable necklace at the Met Gala Ocean's Eight
79%
Scientist is trapped in space after her space shuttle is destroyed by space debris Gravity
76%
Wealthy football fans adopt a gigantic football player The Blind Side
75%
To avoid the horrible fate of being deported to Canada, a boss forces her personal assistant to marry her The Proposal
60%
Looking up at the sky causes people to become either suicidal or homicidal maniacs Bird Box
54%
Woman saves a handsome man from certain death. But after he falls into a coma, she pretends to be his fiancee While You Were Sleeping
44%
Miracle mailbox sends love letters back and forth through time The Lake House
39%
Foulmouthed Boston cop and uptight FBI agent are the perfect crime-fighting duo The Heat
36%
Computer programmer discovers a cyber-conspiracy on the information superhighway The Net
36%
Newspaper columnist crashes a stolen limousine and must spend four weeks in rehab 28 Days
32%
In modern-day L.A., various ethnic groups are racist against each other, but also full of love Crash
32%
Witch sisters carry a hilarious curse that kills their male suitors Practical Magic
28%
To defeat a super villain, wimps of the future must unthaw a super cop Demolition Man
26%
Woman must find true love after learning of her husband's affair on a national talk show Hope Floats
17%
No matching quizzes found
Score Distribution
Percent of People with Each Score
Percentile by Number Answered
Your Score History
You have not taken this quiz since the last reset